00716nam a2200193 i 450000100060000000300090000600500170001500700030003200800410003510000430007624500660011925000120018526000740019730000330027160000430030485200320034799900170037995201260039677044ES-MaACL20250607063022.0t|041006s1952 ag ||||1| spa d1 aEncina, Juan de la, d1883-196394717210aSombra y enigma de Velázquez / cJuan de la Encina [seud.]. a1ª ed. aBuenos Aires : bEspasa-Calpe Argentina, c1952 (fFabril Financiera) a206 p., 13 lám. ; c23 cm.14aVelázquez, Diego,d1599-16609113793 aES-MaACLjC-19644 bR.47243 c77044d77044 00104070aATENEOMbATENEOMcGaleríad2008-01-17eSCl0oC-19644p1080613r2023-02-23 00:00:00w2023-02-23yMONOGRAFIA